00466nam a2200157Ia 450000500170000000800410001702000150005808200190007324500960009226000410018830000180022965000130024765000100026065000120027070000260028220241219013642.0240331s9999 xx 000 0 und d a0195640012 bSEN22726a305 0aIdentity, Consciousness and the PastbForging of Caste and Community in India and Sri Lanka aDelhibOxford University Pressc1997 aviii, 207 p., aIdentity aCaste aHistory aSeneviratne, H Leedt